01130nam a2200289 a 4500001001200000003000800012006001900020007001500039008004100054020001800095020001800113040002100131035002100152050002700173100001200200245009300212250001200305260006900317300003500386504005100421533015200472650002700624655002900651710001700680856012600697999001700823ebr10323342CaPaEBRm u cr cn|||||||||091006s2007 ii a sb 001 0 eng d z9788122420432 z9788122424461 aCaPaEBRcCaPaEBR a(OCoLC)64681760714aQA76.9.A73bR36 2007eb1 aRam, B.10aComputer fundamentalsh[electronic resource] :barchitecture and organisation /cB. Ram. a4th ed. aNew Delhi :bNew Age International (P) Ltd., Publishers,cc2007. a1 v. (various pagings) :bill. aIncludes bibliographical references and index. aElectronic reproduction.bPalo Alto, Calif. :cebrary,d2009.nAvailable via World Wide Web.nAccess may be limited to ebrary affiliated libraries. 0aComputer architecture. 7aElectronic books.2local2 aebrary, Inc.40uhttp://site.ebrary.com/lib/rucke/Doc?id=10323342zAn electronic book accessible through the World Wide Web; click to view c75393d75393